<?xml version="1.0" encoding="UTF-8"?>
<marc:record xmlns:marc="http://www.loc.gov/MARC21/slim">
   <marc:leader>00000nam a2200000 a 4500</marc:leader>
   <marc:datafield ind1="1" ind2=" " tag="100">
      <marc:subfield code="a">Wetzstein, Cora</marc:subfield>
      <marc:subfield code="4">aut</marc:subfield>
      <marc:subfield code="e">Verfasser/-in</marc:subfield>
   </marc:datafield>
   <marc:datafield ind1=" " ind2=" " tag="653">
      <marc:subfield code="a">Familienküche</marc:subfield>
   </marc:datafield>
   <marc:datafield ind1=" " ind2=" " tag="653">
      <marc:subfield code="a">Familienkochbuch</marc:subfield>
   </marc:datafield>
   <marc:datafield ind1=" " ind2=" " tag="653">
      <marc:subfield code="a">Familienrezepte</marc:subfield>
   </marc:datafield>
   <marc:datafield ind1=" " ind2=" " tag="653">
      <marc:subfield code="a">Kochen für die Familie</marc:subfield>
   </marc:datafield>
   <marc:datafield ind1=" " ind2=" " tag="653">
      <marc:subfield code="a">schnelle Küche</marc:subfield>
   </marc:datafield>
   <marc:datafield ind1=" " ind2=" " tag="653">
      <marc:subfield code="a">günstige Rezepte</marc:subfield>
   </marc:datafield>
   <marc:datafield ind1=" " ind2=" " tag="653">
      <marc:subfield code="a">wenige Zutaten</marc:subfield>
   </marc:datafield>
   <marc:datafield ind1=" " ind2=" " tag="653">
      <marc:subfield code="a">wenig Aufwand</marc:subfield>
   </marc:datafield>
   <marc:datafield ind1=" " ind2=" " tag="653">
      <marc:subfield code="a">wenig Zeit</marc:subfield>
   </marc:datafield>
   <marc:datafield ind1=" " ind2=" " tag="653">
      <marc:subfield code="a">Rezepte für Kinder</marc:subfield>
   </marc:datafield>
   <marc:datafield ind1=" " ind2=" " tag="653">
      <marc:subfield code="a">Rezepte für die Familie</marc:subfield>
   </marc:datafield>
   <marc:datafield ind1=" " ind2=" " tag="653">
      <marc:subfield code="a">einfache Küche</marc:subfield>
   </marc:datafield>
   <marc:datafield ind1=" " ind2=" " tag="653">
      <marc:subfield code="a">einfache Rezepte</marc:subfield>
   </marc:datafield>
   <marc:datafield ind1=" " ind2=" " tag="653">
      <marc:subfield code="a">einfach kochen</marc:subfield>
   </marc:datafield>
   <marc:datafield ind1=" " ind2=" " tag="653">
      <marc:subfield code="a">unter 30 Minuten</marc:subfield>
   </marc:datafield>
   <marc:datafield ind1=" " ind2=" " tag="653">
      <marc:subfield code="a">Softcover / Ratgeber/Essen</marc:subfield>
   </marc:datafield>
   <marc:datafield ind1=" " ind2=" " tag="653">
      <marc:subfield code="a">Trinken/Themenkochbücher</marc:subfield>
   </marc:datafield>
   <marc:datafield ind1=" " ind2=" " tag="653">
      <marc:subfield code="a">Familienküche;Familienkochbuch;Familienrezepte;Kochen für die Familie;schnelle Küche;günstige Rezepte;wenige Zutaten;wenig Aufwand;wenig Zeit;Rezepte für Kinder;Rezepte für die Familie;einfache Küche;einfache Rezepte;einfach kochen;unter 30 Minuten</marc:subfield>
   </marc:datafield>
   <marc:datafield ind1=" " ind2=" " tag="653">
      <marc:subfield code="a">Kochbuch</marc:subfield>
   </marc:datafield>
   <marc:datafield ind1="0" ind2="0" tag="245">
      <marc:subfield code="a">Familienküche - super easy!</marc:subfield>
   </marc:datafield>
   <marc:datafield ind1="0" ind2="0" tag="245">
      <marc:subfield code="b">70 schnelle Rezepte mit wenig Zutaten ... und allen schmeckt's!</marc:subfield>
   </marc:datafield>
   <marc:datafield ind1="0" ind2="0" tag="245">
      <marc:subfield code="c">Cora Wetzstein</marc:subfield>
   </marc:datafield>
   <marc:datafield ind1=" " ind2="1" tag="264">
      <marc:subfield code="a">Igling</marc:subfield>
      <marc:subfield code="b">EMF</marc:subfield>
      <marc:subfield code="c">2021</marc:subfield>
   </marc:datafield>
   <marc:datafield ind1=" " ind2=" " tag="250">
      <marc:subfield code="a">1. Auflage</marc:subfield>
   </marc:datafield>
   <marc:datafield ind1="1" ind2=" " tag="520">
      <marc:subfield code="a">Angaben aus der Verlagsmeldung

Familienküche super easy : 70 schnelle Rezepte mit wenig Zutaten und allen schmeckt's / von Cora Wetzstein

Stressfrei kochen für die ganze Familie
Gerade, wenn man für seine Lieben kochen möchte, kennt man die Frage "Was gibt es heute zu essen?" nur zu gut. Schnell soll es gehen, aber eine ausgewogene Mahlzeit sein – und natürlich soll es allen schmecken! Klingt nach Stress? Muss es aber nicht sein! Dieses Buch macht Ihnen das Kochen für die Familie ganz einfach:

70 unkomplizierte Gerichte für große und kleine Esser
Schnell auf dem Tisch: maximal 30 Minuten Zubereitungszeit
20 Basic-Zutaten aus Ihrem Vorrat zu immer neuen Gerichten kombiniert
Mit vielen praktischen Tipps der Zweifach-Mama für das Essen mit der Familie und die stressfreie Familienküche

Mit Kartoffel-Spinat-Pizza, Brokkoli-Nuggets mit Quark-Dip, Überbackenen Schnitzelchen mit Tomatenudeln oder Scheiterhaufen mit Apfekompott lassen Sie die Herzen Ihrer Familie höher schlagen. Und dabei kommen Sie nicht einmal ins Schwitzen: Dank der clever zusammengestellten Vorrats-Zutaten heißt es "Tschüss, Einkaufsstress!" und auch die schnelle Zubereitung bringt Entspannung in die Familienküche. Und sollte ein Gericht im Ofen doch noch ein paar Minuten länger garen, können Sie derweil die Hausaufgaben kontrollieren oder das Chaos des Tages beseitigen. So genießen Sie anschließend alle zusammen in Ruhe eine wunderbare, gesunde Familienmahlzeit.
</marc:subfield>
   </marc:datafield>
   <marc:datafield ind1=" " ind2=" " tag="020">
      <marc:subfield code="a">9783745902556</marc:subfield>
      <marc:subfield code="9">9783745902556</marc:subfield>
   </marc:datafield>
   <marc:datafield ind1=" " ind2=" " tag="020">
      <marc:subfield code="a">3745902556</marc:subfield>
      <marc:subfield code="9">3745902556</marc:subfield>
   </marc:datafield>
   <marc:datafield ind1=" " ind2=" " tag="041">
      <marc:subfield code="a">ger</marc:subfield>
   </marc:datafield>
   <marc:datafield ind1=" " ind2=" " tag="300">
      <marc:subfield code="a">141 Seiten</marc:subfield>
   </marc:datafield>
</marc:record>
